<?xml version="1.0" encoding="UTF-8"?><?xml-stylesheet type="text/xsl" href="static/style.xsl"?><OAI-PMH xmlns="http://www.openarchives.org/OAI/2.0/" xmlns:xsi="http://www.w3.org/2001/XMLSchema-instance" xsi:schemaLocation="http://www.openarchives.org/OAI/2.0/ http://www.openarchives.org/OAI/2.0/OAI-PMH.xsd"><responseDate>2026-04-27T20:01:53Z</responseDate><request verb="GetRecord" identifier="oai:uvadoc.uva.es:10324/43381" metadataPrefix="marc">https://uvadoc.uva.es/oai/request</request><GetRecord><record><header><identifier>oai:uvadoc.uva.es:10324/43381</identifier><datestamp>2022-04-27T11:52:30Z</datestamp><setSpec>com_10324_38</setSpec><setSpec>col_10324_787</setSpec></header><metadata><record xmlns="http://www.loc.gov/MARC21/slim" xmlns:doc="http://www.lyncode.com/xoai" xmlns:xsi="http://www.w3.org/2001/XMLSchema-instance" xmlns:dcterms="http://purl.org/dc/terms/" xsi:schemaLocation="http://www.loc.gov/MARC21/slim http://www.loc.gov/standards/marcxml/schema/MARC21slim.xsd">
<leader>00925njm 22002777a 4500</leader>
<datafield tag="042" ind1=" " ind2=" ">
<subfield code="a">dc</subfield>
</datafield>
<datafield tag="720" ind1=" " ind2=" ">
<subfield code="a">Blanco Herrera, Diego</subfield>
<subfield code="e">author</subfield>
</datafield>
<datafield tag="260" ind1=" " ind2=" ">
<subfield code="c">2019</subfield>
</datafield>
<datafield tag="520" ind1=" " ind2=" ">
<subfield code="a">El siguiente proyecto de fin de máster se centra en describir el potencial de cambio&#xd;
que tiene la revolución tecnológica llamada Blockchain (también denominada cadenas&#xd;
de bloques) sobre el comercio y los diferentes sectores. En estos momentos ya hay&#xd;
diferentes sectores del comercio que están aplicando este avance tecnológico en sus&#xd;
operaciones diarias obteniendo una importante funcionalidad gracias a la trazabilidad y&#xd;
seguridad, entre algunas de sus muchas prestaciones.</subfield>
</datafield>
<datafield tag="024" ind2=" " ind1="8">
<subfield code="a">http://uvadoc.uva.es/handle/10324/43381</subfield>
</datafield>
<datafield ind1=" " ind2=" " tag="653">
<subfield code="a">Pagos-Sistemas electrónicos-Comercio Exterior</subfield>
</datafield>
<datafield tag="245" ind1="0" ind2="0">
<subfield code="a">El blockchain aplicado a los sectores empresariales: una propuesta para el ámbito del comercio exterior</subfield>
</datafield>
</record></metadata></record></GetRecord></OAI-PMH>